<?xml version="1.0" encoding="UTF-8"?>
<collection xmlns="http://www.loc.gov/MARC21/slim">
 <record>
  <leader>00980cam a2200193 7i4500</leader>
  <controlfield tag="001">0000136255</controlfield>
  <controlfield tag="005">20100218090000.0</controlfield>
  <controlfield tag="002">  0000001321</controlfield>
  <datafield tag="090" ind1="0" ind2="0">
   <subfield code="a">LP 36 FST 3 2002 </subfield>
  </datafield>
  <datafield tag="100" ind1="0" ind2="#">
   <subfield code="a">Suzi-Alhana Mohamad Fauzi </subfield>
  </datafield>
  <datafield tag="235" ind1="0" ind2="0">
   <subfield code="a">Perbandingan kandungan nikotin dalam lima jenama rokok </subfield>
   <subfield code="c">Suzi-Alhana Mohamad Fauzi.</subfield>
  </datafield>
  <datafield tag="245" ind1="0" ind2="0">
   <subfield code="a">Laporan Projek FST(Bacelor Sains Pendidikan  (Kepujian)  - Kimia )2002.</subfield>
  </datafield>
  <datafield tag="260" ind1="#" ind2="#">
   <subfield code="a">Terengganu: </subfield>
   <subfield code="b">Kolej Universiti Sains dan Teknologi Malaysia (UPMT), </subfield>
   <subfield code="c">2002.</subfield>
  </datafield>
  <datafield tag="300" ind1=" " ind2=" ">
   <subfield code="a">xv, 76 p.: </subfield>
   <subfield code="b">ill.(some col.); </subfield>
   <subfield code="c">30 cm..</subfield>
  </datafield>
  <datafield tag="502" ind1="#" ind2="#">
   <subfield code="a">Tembakau atau nama saintifiknya Nicotiana tabacum merupakan sejenis tumbuhan yang banyak ditanam di negara kita kerana kepentingannya dalam industri pembuatan rokok. Tembakau mengandungi nikotin, iaitu sejenis bahan aktif dari kumpulan alkaloid yanadir dalam jumlah yang paling besar...[et al.]</subfield>
  </datafield>
  <datafield tag="601" ind1="0" ind2="0">
   <subfield code="a">Nikotin </subfield>
  </datafield>
  <datafield tag="601" ind1="0" ind2="0">
   <subfield code="a">Tembakau </subfield>
  </datafield>
  <datafield tag="602" ind1="#" ind2="#">
   <subfield code="a">Laporan Projek FST 2002</subfield>
  </datafield>
  <datafield tag="999" ind1=" " ind2=" ">
   <subfield code="a">1100024741</subfield>
   <subfield code="b">Book</subfield>
   <subfield code="c">LAPORAN PROJEK</subfield>
   <subfield code="e">BILIK ARKIB</subfield>
  </datafield>
 </record>
</collection>
